| 000 | 00599nam a2200193 a 4500 | ||
|---|---|---|---|
| 005 | 20240925065114.0 | ||
| 008 | 991125s1979 mx 000 0 spa u | ||
| 020 | _a9684080425 | ||
| 035 | _aUPN01000016616 | ||
| 049 | _aCG | ||
| 050 | 4 |
_aHM251 _bR6.3 |
|
| 100 | 1 |
_aRodríguez Estrada, Mauro, _d1930-2007 |
|
| 245 | 1 | 0 |
_aDominantes y sumisos : _bpsicología del individuo en la organización / _cMauro Rodríguez, Alfredo Cortés. |
| 260 |
_aMéxico : _bEdicol, _c1979. |
||
| 300 |
_a98 p. : _bretrs. |
||
| 650 | 4 |
_aPsicología social _95889 |
|
| 700 | 1 |
_aCortés, Alfredo, _ecoaut. |
|
| 905 | _aLibro | ||
| 999 |
_c16616 _d16616 |
||